[Event "2nd Phase Kenya Qualifiers [World Olympiad] - Ladies Section"]
[Site "KCB Sports Club, Ruaraka; Nairobi"]
[Date "2022.01.14"]
[Round "1"]
[Board "1"]
[White "Francisca, Kagwiria"]
[Black "Wanjiru, Lucy"]
[Result "0-1"]
[WhiteElo "1222"]
[BlackElo "1586"]
[PlyCount "74"]
[EventDate "2022.01.14"]
[EventRounds "6"]
[EventCountry "KEN"]

1. e4 e6 2. d4 d5 3. Nc3 dxe4 4. Nxe4 Nf6 5. Nxf6+ Qxf6 6. Nf3 a6 7. Bc4 Bd6 8.
Be3 h6 9. Qd2 b5 10. Be2 Bb7 11. O-O-O Nd7 12. h3 Nb6 13. Rhg1 Nd5 14. Qd3 Nb4
15. Qb3 Bd5 16. c4 bxc4 17. Bxc4 O-O 18. Ne5 Qe7 19. a3 Rfb8 20. axb4 Rxb4 21.
Qd3 Bxe5 22. Bxd5 Rab8 23. dxe5 Rxb2 24. Bf3 Qb4 25. Be4 g5 26. Rd2 Rb3 27.
Bh7+ Kg7 28. Qe4 Qc3+ 29. Kd1 Qa1+ 30. Ke2 Qxg1 31. f4 Rxe3+ 32. Qxe3 Qxg2+ 33.
Kd1 Qf1+ 34. Kc2 Qb1+ 35. Kc3 Qb3+ 36. Kd4 Rb4+ 37. Kc5 Qc4#  0-1

[Event "2nd Phase Kenya Qualifiers [World Olympiad] - Ladies Section"]
[Site "KCB Sports Club, Ruaraka; Nairobi"]
[Date "2022.01.14"]
[Round "1"]
[Board "2"]
[White "Jumba, Gloria"]
[Black "Gikandi, Bernice Wambui"]
[Result "1-0"]
[WhiteElo "1570"]
[BlackElo "1156"]
[PlyCount "71"]
[EventDate "2022.01.14"]
[EventRounds "6"]
[EventCountry "KEN"]

{[%evp 0,71,25,25,25,25,22,-8,7,3,-2,-51,5,-62,-47,-47,-29,-48,-15,-46,12,-45,
-5,-78,-35,-36,-15,-25,47,47,44,36,79,84,106,126,173,162,161,221,199,170,147,
126,146,117,118,124,110,126,133,110,127,104,114,120,122,101,88,96,216,211,212,
212,234,236,242,242,326,238,247,226,234,218]} 1. d4 d5 2. Nf3 Nf6 3. g3 Bf5 4.
Bg2 e6 5. c4 c5 6. e3 Nc6 7. O-O Be7 8. cxd5 Nxd5 9. a3 O-O 10. Nbd2 Nf6 11.
Nb3 cxd4 12. Nfxd4 Nxd4 13. Nxd4 Rb8 14. Nxf5 exf5 15. b4 b6 16. Bb2 Re8 17.
Qa4 Qc7 18. Rac1 Qd6 19. Rfd1 Qe6 20. Qxa7 Ne4 21. Qa4 Bf6 22. Bxf6 Qxf6 23.
Qb3 Rbd8 24. Rxd8 Rxd8 25. Bxe4 fxe4 26. Rd1 h6 27. Rxd8+ Qxd8 28. Qc2 f5 29.
Kg2 Qa8 30. Qc4+ Kh8 31. Qe6 Qxa3 32. Qc8+ Kh7 33. Qxf5+ g6 34. Qxe4 Qa7 35.
Qe8 Kg7 36. b5  1-0

[Event "2nd Phase Kenya Qualifiers [World Olympiad] - Ladies Section"]
[Site "KCB Sports Club, Ruaraka; Nairobi"]
[Date "2022.01.14"]
[Round "1"]
[Board "3"]
[White "Kimani, Wanjiru"]
[Black "Madelta, Glenda"]
[Result "0-1"]
[WhiteElo "1155"]
[BlackElo "1455"]
[PlyCount "99"]
[EventDate "2022.01.14"]
[EventRounds "6"]
[EventCountry "KEN"]

1. e4 e6 2. d4 d5 3. Nc3 Nf6 4. Bg5 Bb4 5. e5 h6 6. Bd2 Bxc3 7. bxc3 Ne4 8. Nf3
c5 9. Bd3 Nxd2 10. Qxd2 c4 11. Be2 Nd7 12. O-O Nb6 13. h3 Na4 14. Rab1 Qa5 15.
Rb4 Nb6 16. Ra1 Qa3 17. Qc1 Qxc3 18. Qb2 Qxb2 19. Rxb2 Na4 20. Rb4 Nc3 21. Bf1
b6 22. a4 Bd7 23. Nd2 Rb8 24. a5 Ke7 25. Nb1 Nb5 26. axb6 Rxb6 27. Rxa7 Rhb8
28. Ra2 Nxd4 29. Rxb6 Rxb6 30. Nc3 Rb8 31. f4 Bc6 32. Ne2 Nxe2+ 33. Bxe2 Ra8
34. Rxa8 Bxa8 35. Kf2 f6 36. g3 Bc6 37. Ke3 Be8 38. Kd4 g5 39. c3 Bg6 40. h4
gxf4 41. gxf4 fxe5+ 42. Kxe5 Kf7 43. Bg4 Bf5 44. Bh5+ Ke7 45. Bf3 Bg6 46. Bg4
Bf5 47. Bd1 Kf7 48. Bh5+ Kg7 49. Be8 Bg6 50. Bxg6  0-1

[Event "2nd Phase Kenya Qualifiers [World Olympiad] - Ladies Section"]
[Site "KCB Sports Club, Ruaraka; Nairobi"]
[Date "2022.01.14"]
[Round "1"]
[Board "4"]
[White "Kosgey, Sheila Jerop"]
[Black "Njeri, Maureen Kirigo"]
[Result "1-0"]
[WhiteElo "1362"]
[BlackElo "1142"]
[PlyCount "53"]
[EventDate "2022.01.14"]
[EventRounds "6"]
[EventCountry "KEN"]

1. e4 Nf6 2. d3 d5 3. Nd2 e5 4. Ngf3 Nc6 5. g3 Bg4 6. Bg2 Be7 7. c3 O-O 8. O-O
Qd7 9. Re1 Rfe8 10. Qb3 Na5 11. Qc2 Bd6 12. exd5 Nxd5 13. Ne4 Bxf3 14. Bxf3 Qf5
15. Qe2 Nf6 16. h4 Nxe4 17. Bxe4 Qd7 18. Qh5 g6 19. Qf3 Rab8 20. h5 f5 21. Bd5+
Kh8 22. hxg6 hxg6 23. Kg2 Kg7 24. Qe3 Rh8 25. f4 e4 26. Qd4+ Kh6 27. Rh1#  1-0

[Event "2nd Phase Kenya Qualifiers [World Olympiad] - Ladies Section"]
[Site "KCB Sports Club, Ruaraka; Nairobi"]
[Date "2022.01.14"]
[Round "1"]
[Board "5"]
[White "Mwashe, Yvonne Adego"]
[Black "Muthoni, Vivian"]
[Result "0-1"]
[WhiteElo "1092"]
[BlackElo "1360"]
[PlyCount "82"]
[EventDate "2022.01.14"]
[EventRounds "6"]
[EventCountry "KEN"]

1. e4 e5 2. Nf3 Nc6 3. Bc4 h6 4. c3 Nf6 5. d3 d6 6. Be3 Be7 7. Nbd2 O-O 8. Nf1
a6 9. a3 Be6 10. Bb3 d5 11. Ng3 dxe4 12. dxe4 Qxd1+ 13. Bxd1 Bc4 14. b3 Be6 15.
O-O Rad8 16. Nh4 Nxe4 17. Nxe4 Bxh4 18. Nc5 Bc8 19. Be2 Be7 20. Rad1 Kh8 21. b4
b5 22. a4 bxa4 23. Bxa6 Bxa6 24. Nxa6 Bd6 25. Bc5 Bxc5 26. Nxc5 a3 27. Na6 Na7
28. Nxc7 Rc8 29. Nd5 Nb5 30. Rc1 Rfd8 31. c4 Nd4 32. Rfe1 f6 33. h3 a2 34. Nb6
Rb8 35. c5 a1=Q 36. Rxa1 Nc2 37. Nd7 Rxd7 38. Rad1 Rxd1 39. Rxd1 Nxb4 40. Rd6
Rc8 41. Rb6 Nc6  0-1

[Event "2nd Phase Kenya Qualifiers [World Olympiad] - Ladies Section"]
[Site "KCB Sports Club, Ruaraka; Nairobi"]
[Date "2022.01.14"]
[Round "1"]
[Board "6"]
[White "Mutisya, Jully"]
[Black "Gichoya, Michelle"]
[Result "0-1"]
[WhiteElo "1344"]
[BlackElo "1042"]
[PlyCount "98"]
[EventDate "2022.01.14"]
[EventRounds "6"]
[EventCountry "KEN"]

1. d4 d5 2. Bf4 Nf6 3. e3 Bf5 4. Nf3 e6 5. Nbd2 Nbd7 6. c3 c6 7. Ne5 Be7 8. h3
Nxe5 9. dxe5 Nd7 10. Nf3 f6 11. g4 Be4 12. exf6 Bxf6 13. Bd3 e5 14. g5 Bxf3 15.
Qxf3 exf4 16. gxf6 Qxf6 17. exf4 O-O-O 18. Rg1 Ne5 19. Qg3 Nxd3+ 20. Qxd3 Rde8+
21. Kf1 g6 22. Rg4 Re4 23. Qg3 Rf8 24. f3 Rxf4 25. Rxf4 Qxf4 26. Qxf4 Rxf4 27.
Kg2 g5 28. Re1 Kd7 29. b3 b5 30. Re5 h6 31. Kg3 a5 32. a3 a4 33. b4 d4 34. cxd4
Rxd4 35. Re3 Kd6 36. Re8 Kd5 37. Re3 c5 38. bxc5 Kxc5 39. Rc3+ Rc4 40. Re3 b4
41. axb4+ Kxb4 42. Re8 a3 43. Rb8+ Kc3 44. Ra8 Kb3 45. Rb8+ Kc2 46. Ra8 Rc3 47.
Ra6 Kb2 48. Rb6+ Rb3 49. Rxh6 a2  0-1

[Event "2nd Phase Kenya Qualifiers [World Olympiad] - Ladies Section"]
[Site "KCB Sports Club, Ruaraka; Nairobi"]
[Date "2022.01.14"]
[Round "1"]
[Board "7"]
[White "Kimwere, Annete"]
[Black "Obondo, Cynthia Awino"]
[Result "0-1"]
[WhiteElo "1030"]
[BlackElo "1341"]
[PlyCount "50"]
[EventDate "2022.01.14"]
[EventRounds "6"]
[EventCountry "KEN"]

1. e4 e6 2. d4 d5 3. e5 c5 4. Nf3 Nc6 5. Bd3 cxd4 6. O-O Nge7 7. Re1 Ng6 8. a3
Bd7 9. Nbd2 Qc7 10. Bxg6 hxg6 11. Nb3 Rh5 12. Bf4 Qb6 13. Qd3 Bc5 14. Nxc5 Qxc5
15. g4 Rh3 16. Kg2 Rh8 17. Bg5 Rc8 18. Rad1 b5 19. Nxd4 Qxd4 20. Qxb5 Qxg4+ 21.
Kh1 Nxe5 22. Qxd7+ Kxd7 23. Rg1 Rxh2+ 24. Kxh2 Nf3+ 25. Kh1 Qh3#  0-1

[Event "2nd Phase Kenya Qualifiers [World Olympiad] - Ladies Section"]
[Site "KCB Sports Club, Ruaraka; Nairobi"]
[Date "2022.01.14"]
[Round "2"]
[Board "1"]
[White "Wanjiru, Lucy"]
[Black "Matei, Veronicah"]
[Result "1-0"]
[WhiteElo "1586"]
[BlackElo "1287"]
[PlyCount "39"]
[EventDate "2022.01.14"]
[EventRounds "6"]
[EventCountry "KEN"]

1. e4 c5 2. c3 d6 3. Nf3 Nf6 4. Be2 e6 5. d4 Nbd7 6. Nbd2 a6 7. O-O Be7 8. Re1
O-O 9. e5 Nd5 10. Ne4 Qc7 11. exd6 Bxd6 12. dxc5 Nxc5 13. Nxd6 b5 14. Nxc8
Rfxc8 15. Qd4 Rd8 16. Qe5 Qb7 17. Qh5 Nf6 18. Qxc5 Rd5 19. Qb4 Rad8 20. Bg5  1-0

[Event "2nd Phase Kenya Qualifiers [World Olympiad] - Ladies Section"]
[Site "KCB Sports Club, Ruaraka; Nairobi"]
[Date "2022.01.14"]
[Round "2"]
[Board "2"]
[White "Karanja, Ether"]
[Black "Jumba, Gloria"]
[Result "1/2-1/2"]
[WhiteElo "1224"]
[BlackElo "1570"]
[PlyCount "79"]
[EventDate "2022.01.14"]
[EventRounds "6"]
[EventCountry "KEN"]

1. d4 d5 2. Bf4 Bf5 3. e3 e6 4. Nf3 Nf6 5. Nbd2 Bd6 6. Bg3 Bxg3 7. hxg3 h6 8.
Be2 Nbd7 9. c3 c6 10. Nh4 Bh7 11. f4 Ne4 12. g4 Qb6 13. Qb3 Qxb3 14. axb3 Ng3
15. Rh3 Nxe2 16. Kxe2 a6 17. Nhf3 Bg6 18. Ne5 Nxe5 19. dxe5 Ke7 20. b4 b6 21.
Nb3 Be4 22. Rh2 Rhc8 23. g3 Kd7 24. Rh5 Bg6 25. Rh2 Rf8 26. Nd4 c5 27. bxc5
bxc5 28. Nb3 Kc6 29. Ra5 c4 30. Nd4+ Kb6 31. Ra3 Be4 32. Rf2 Rfe8 33. Kd2 Re7
34. Rf1 Rb8 35. Rfa1 Ra8 36. Ra5 Rea7 37. Ke2 Bd3+ 38. Kf2 Be4 39. Ke2 Bd3+ 40.
Kf2  1/2-1/2

[Event "2nd Phase Kenya Qualifiers [World Olympiad] - Ladies Section"]
[Site "KCB Sports Club, Ruaraka; Nairobi"]
[Date "2022.01.14"]
[Round "2"]
[Board "3"]
[White "Madelta, Glenda"]
[Black "Gichoya, Michelle"]
[Result "1-0"]
[WhiteElo "1455"]
[BlackElo "1042"]
[PlyCount "75"]
[EventDate "2022.01.14"]
[EventRounds "6"]
[EventCountry "KEN"]

1. d4 d5 2. Nc3 Nf6 3. Bf4 a6 4. e3 Bf5 5. f3 Nc6 6. g4 Bg6 7. h4 h6 8. Bd3
Bxd3 9. Qxd3 e6 10. Nge2 Bd6 11. O-O-O Bxf4 12. Nxf4 Qd6 13. g5 hxg5 14. hxg5
Rxh1 15. Rxh1 Ng8 16. Rh8 O-O-O 17. Qh7 e5 18. Rxg8 exf4 19. Qf5+ Qd7 20. Rxd8+
Kxd8 21. Qxf4 Qe6 22. Kd2 Kd7 23. Nd1 b5 24. Nf2 Nd8 25. Nd3 Qd6 26. Nc5+ Ke7
27. Qxd6+ Kxd6 28. Nxa6 Nb7 29. Nb4 c5 30. Nd3 cxd4 31. exd4 Ke6 32. Nc5+ Nxc5
33. dxc5 Kd7 34. Kd3 Kc6 35. Kd4 f6 36. gxf6 gxf6 37. f4 f5 38. b4  1-0

[Event "2nd Phase Kenya Qualifiers [World Olympiad] - Ladies Section"]
[Site "KCB Sports Club, Ruaraka; Nairobi"]
[Date "2022.01.14"]
[Round "2"]
[Board "7"]
[White "Ngima, Cheryl"]
[Black "Kimani, Wanjiru"]
[Result "1-0"]
[WhiteElo "1353"]
[BlackElo "1155"]
[PlyCount "87"]
[EventDate "2022.01.14"]
[EventRounds "6"]
[EventCountry "KEN"]

1. e4 e5 2. Nf3 Nf6 3. Nxe5 Nxe4 4. d4 d5 5. Bb5+ Bd7 6. Nxd7 Nxd7 7. O-O Bd6
8. f3 Nef6 9. Re1+ Be7 10. Qe2 c6 11. Bd3 Nb6 12. Bf5 Nc8 13. Bxc8 Rxc8 14. Bf4
Nh5 15. Bg5 f6 16. Bd2 g6 17. Bh6 f5 18. Qe5 Rg8 19. Qe6 Rh8 20. g4 fxg4 21.
fxg4 Ng3 22. hxg3 Qd7 23. Nd2 Kd8 24. Nf3 Re8 25. Qxd7+ Kxd7 26. Ne5+ Kc7 27.
Nf7 Bf8 28. Bf4+ Kb6 29. Nd6 Bxd6 30. Bxd6 Re4 31. Rxe4 dxe4 32. Be5 c5 33. c3
Re8 34. Re1 Kc6 35. Rxe4 Kd5 36. Rf4 cxd4 37. cxd4 Re7 38. Kf2 b5 39. Ke3 a5
40. b3 b4 41. Rf6 Re6 42. Rxe6 Kxe6 43. Bc7 Kd7 44. Bxa5  1-0

[Event "2nd Phase Kenya Qualifiers [World Olympiad] - Ladies Section"]
[Site "KCB Sports Club, Ruaraka; Nairobi"]
[Date "2022.01.14"]
[Round "2"]
[Board "8"]
[White "Gikandi, Bernice Wambui"]
[Black "Mutisya, Jully"]
[Result "0-1"]
[WhiteElo "1156"]
[BlackElo "1344"]
[PlyCount "88"]
[EventDate "2022.01.14"]
[EventRounds "6"]
[EventCountry "KEN"]

1. d4 Nf6 2. c4 g6 3. Nf3 Bg7 4. Nc3 d6 5. e3 O-O 6. Bd3 c6 7. O-O Nbd7 8. Bd2
e5 9. e4 Qe7 10. d5 cxd5 11. cxd5 Nc5 12. Bc2 a5 13. Bg5 h6 14. Bh4 g5 15. Bg3
Nh5 16. Nd2 Nf4 17. Bxf4 gxf4 18. Re1 Bd7 19. Qe2 Rac8 20. Rad1 Qg5 21. Qf1 Na6
22. Nf3 Qh5 23. Bd3 Nb4 24. a3 Nxd3 25. Rxd3 f5 26. Rdd1 Rf6 27. Qd3 Rg6 28.
Nd2 Qg5 29. g3 fxg3 30. fxg3 f4 31. Re2 fxg3 32. hxg3 Qxg3+ 33. Qxg3 Rxg3+ 34.
Rg2 Rxg2+ 35. Kxg2 Rf8 36. Nc4 Bg4 37. Rf1 Bh3+ 38. Kxh3 Rxf1 39. Nxd6 Rf2 40.
Na4 Re2 41. Nxb7 Rxe4 42. Nbc5 Rd4 43. Nc3 Bf8 44. N5a4 Kf7  0-1

[Event "2nd Phase Kenya Qualifiers [World Olympiad] - Ladies Section"]
[Site "KCB Sports Club, Ruaraka; Nairobi"]
[Date "2022.01.14"]
[Round "3"]
[Board "1"]
[White "Kosgey, Sheila Jerop"]
[Black "Wanjiru, Lucy"]
[Result "0-1"]
[WhiteElo "1362"]
[BlackElo "1586"]
[PlyCount "62"]
[EventDate "2022.01.14"]
[EventRounds "6"]
[EventCountry "KEN"]

1. e4 Nc6 2. Nf3 e5 3. g3 Nf6 4. d3 Be7 5. Bg2 d6 6. c3 Bd7 7. Nbd2 Qc8 8. O-O
Bh3 9. Qb3 Bxg2 10. Kxg2 O-O 11. Nh4 g6 12. Ndf3 Na5 13. Qc2 Nh5 14. Bh6 Re8
15. d4 Nc4 16. b3 Nb6 17. dxe5 dxe5 18. Nxe5 Bxh4 19. Nf3 Bf6 20. Rfe1 Qg4 21.
h3 Qe6 22. g4 Ng7 23. e5 Be7 24. Rad1 Qc6 25. c4 g5 26. Bxg7 Kxg7 27. Qf5 Qg6
28. Qxg6+ Kxg6 29. Nd4 Bb4 30. Re2 Rad8 31. Re4 c5  0-1

[Event "2nd Phase Kenya Qualifiers [World Olympiad] - Ladies Section"]
[Site "KCB Sports Club, Ruaraka; Nairobi"]
[Date "2022.01.14"]
[Round "3"]
[Board "2"]
[White "Muthoni, Vivian"]
[Black "Madelta, Glenda"]
[Result "0-1"]
[WhiteElo "1360"]
[BlackElo "1455"]
[PlyCount "78"]
[EventDate "2022.01.14"]
[EventRounds "6"]
[EventCountry "KEN"]

1. e4 e6 2. d4 d5 3. Nd2 Nf6 4. e5 Nfd7 5. Bd3 c5 6. c3 Nc6 7. Ne2 cxd4 8. cxd4
Be7 9. O-O O-O 10. Nf3 Re8 11. Bc2 f6 12. Qd3 Nf8 13. a3 fxe5 14. dxe5 Qc7 15.
Bf4 Bd7 16. Rac1 Rac8 17. Ned4 Qb6 18. b4 Nxd4 19. Nxd4 Ng6 20. Bg3 Rc4 21. Nf3
Rec8 22. Qd2 Qc7 23. Nd4 Nf8 24. Rfe1 Ba4 25. Re2 Qb6 26. Qe1 Qxd4 27. Rd2 Qc3
28. Bxh7+ Nxh7 29. Rxc3 Rxc3 30. Rd1 Bxd1 31. h3 Bh5 32. Kh2 d4 33. Bf4 Bg5 34.
Bd2 Bxd2 35. Qxd2 d3 36. f3 Bg6 37. Kg3 Rc2 38. Qd1 d2 39. Kf2 Rc1  0-1

[Event "2nd Phase Kenya Qualifiers [World Olympiad] - Ladies Section"]
[Site "KCB Sports Club, Ruaraka; Nairobi"]
[Date "2022.01.14"]
[Round "3"]
[Board "3"]
[White "Jumba, Gloria"]
[Black "Obondo, Cynthia Awino"]
[Result "0-1"]
[WhiteElo "1570"]
[BlackElo "1341"]
[PlyCount "110"]
[EventDate "2022.01.14"]
[EventRounds "6"]
[EventCountry "KEN"]

1. d4 d5 2. Nf3 Nf6 3. g3 Bf5 4. Bg2 e6 5. Nbd2 h6 6. b3 Bd6 7. Bb2 O-O 8. O-O
Nbd7 9. c4 c6 10. Rc1 Ne4 11. Nxe4 Bxe4 12. Nd2 Bxg2 13. Kxg2 Nf6 14. Qc2 Bb4
15. Bc3 a5 16. Qd3 Qd7 17. c5 Ba3 18. Rc2 Bb4 19. Rfc1 Rfd8 20. e3 Nh7 21. Nf3
f5 22. Bxb4 axb4 23. Qd2 Ra3 24. Re1 Nf6 25. Qxb4 Rda8 26. Ree2 Qc7 27. Ne5 Ne4
28. f3 Nf6 29. Nd3 R8a6 30. Ne5 Qc8 31. Qd2 Qa8 32. h3 Qe8 33. Qb4 Qa8 34. Qd2
Qe8 35. Kh2 g5 36. g4 fxg4 37. hxg4 Kg7 38. Kg1 Nd7 39. Nxd7 Qxd7 40. f4 Qe7
41. Rh2 Ra8 42. Qd3 Rf8 43. Rhf2 Raa8 44. f5 exf5 45. gxf5 Kf6 46. Rh2 Rh8 47.
Rh5 Rh7 48. Rch2 Rah8 49. Re2 Re8 50. Rh3 Qe4 51. Qxe4 Rxe4 52. Reh2 h5 53. Rf3
g4 54. Rf4 Rxe3 55. Kf2 Ree7  0-1

[Event "2nd Phase Kenya Qualifiers [World Olympiad] - Ladies Section"]
[Site "KCB Sports Club, Ruaraka; Nairobi"]
[Date "2022.01.14"]
[Round "3"]
[Board "4"]
[White "Mutisya, Jully"]
[Black "Karanja, Ether"]
[Result "1-0"]
[WhiteElo "1344"]
[BlackElo "1224"]
[PlyCount "137"]
[EventDate "2022.01.14"]
[EventRounds "6"]
[EventCountry "KEN"]

1. d4 e6 2. Bf4 d5 3. e3 Nf6 4. Nf3 Be7 5. Nbd2 b6 6. Bd3 Bb7 7. Ne5 Nbd7 8.
Qf3 c5 9. c3 h6 10. h4 Nxe5 11. Bxe5 Bc6 12. g4 Bd6 13. g5 hxg5 14. hxg5 Rxh1+
15. Qxh1 Bxe5 16. dxe5 Ng8 17. Qh8 Kd7 18. Qxg7 Qf8 19. Qh7 Ne7 20. O-O-O Qh8
21. Rh1 Qxh7 22. Rxh7 Rf8 23. f4 Kd8 24. e4 Ng6 25. f5 Nxe5 26. Bc2 dxe4 27.
Nxe4 exf5 28. Nd6 f4 29. Kd1 f3 30. Ke1 a5 31. Ne4 Rg8 32. Rh5 Ke7 33. Kf2 Ke6
34. Rh6+ Rg6 35. Kg3 f5 36. Nf2 Rxh6 37. gxh6 Nf7 38. h7 Nh8 39. Kf4 Ng6+ 40.
Kg5 Nh8 41. Bxf5+ Kf7 42. Kf4 Kg7 43. Ke3 Nf7 44. Ne4 Ne5 45. b3 c4 46. bxc4
Nxc4+ 47. Kxf3 Nd6 48. Kf4 Nxf5 49. Kxf5 Bd5 50. a3 a4 51. Ke5 Bc4 52. Kd6 Kxh7
53. Kc6 b5 54. Nd6 Bb3 55. Kxb5 Kg6 56. Nb7 Kf6 57. Nc5 Ke7 58. Nxa4 Kd8 59.
Nc5 Bd1 60. Kb6 Kc8 61. a4 Bg4 62. a5 Kb8 63. a6 Bc8 64. Nd3 Be6 65. Ne1 Ka8
66. Nc2 Bd7 67. Nd4 Kb8 68. Nb5 Bxb5 69. Kxb5  1-0

[Event "2nd Phase Kenya Qualifiers [World Olympiad] - Ladies Section"]
[Site "KCB Sports Club, Ruaraka; Nairobi"]
[Date "2022.01.14"]
[Round "3"]
[Board "5"]
[White "Gichoya, Michelle"]
[Black "Ngima, Cheryl"]
[Result "1/2-1/2"]
[WhiteElo "1042"]
[BlackElo "1353"]
[PlyCount "73"]
[EventDate "2022.01.14"]
[EventRounds "6"]
[EventCountry "KEN"]

1. d4 d5 2. Nf3 Nf6 3. Bf4 e6 4. e3 c5 5. c4 b6 6. b3 Bd6 7. Bxd6 Qxd6 8. Be2
O-O 9. O-O Nbd7 10. Nbd2 Bb7 11. Qc2 Rac8 12. Rac1 Rc7 13. Bd3 e5 14. dxe5 Nxe5
15. Nxe5 Qxe5 16. Nf3 Qe7 17. cxd5 Bxd5 18. Nd2 Qe6 19. Bc4 Bxc4 20. Qxc4 Qxc4
21. Rxc4 Rd8 22. Ne4 Nxe4 23. Rxe4 Rcd7 24. g3 Kf8 25. Kg2 Rd2 26. a3 a5 27. b4
axb4 28. axb4 Rc8 29. Rc1 Rc6 30. bxc5 bxc5 31. h4 f6 32. g4 Kf7 33. h5 Re6 34.
Kf3 h6 35. Rxe6 Kxe6 36. Ke4 c4 37. Rc3  1/2-1/2

[Event "2nd Phase Kenya Qualifiers [World Olympiad] - Ladies Section"]
[Site "KCB Sports Club, Ruaraka; Nairobi"]
[Date "2022.01.14"]
[Round "3"]
[Board "10"]
[White "Njeri, Maureen Kirigo"]
[Black "Gikandi, Bernice Wambui"]
[Result "1-0"]
[WhiteElo "1142"]
[BlackElo "1156"]
[PlyCount "83"]
[EventDate "2022.01.14"]
[EventRounds "6"]
[EventCountry "KEN"]

1. d4 d5 2. Bf4 Nf6 3. Nf3 Bf5 4. e3 e6 5. Bd3 Bg6 6. Ne5 c5 7. c3 c4 8. Nxg6
hxg6 9. Be2 Nc6 10. Nd2 Bd6 11. Bxd6 Qxd6 12. Nf3 Ne4 13. Qb1 g5 14. g3 O-O-O
15. Nd2 Nxd2 16. Kxd2 Rh6 17. b3 cxb3 18. axb3 Rdh8 19. Qg1 Qc7 20. Bb5 Na5 21.
Kc2 Kb8 22. b4 Nc6 23. Bxc6 Qxc6 24. h4 g4 25. Qg2 Rc8 26. Ra3 Qc4 27. Kd2 e5
28. dxe5 Ra6 29. Rha1 Rxa3 30. Rxa3 Re8 31. f4 gxf3 32. Qxf3 Rxe5 33. Qxf7 Qe4
34. Qf4 Qxf4 35. exf4 Re8 36. Ra1 a6 37. Re1 Rd8 38. Re7 d4 39. Kd3 dxc3+ 40.
Kxc3 Rc8+ 41. Kb3 Rg8 42. g4  1-0

[Event "2nd Phase Kenya Qualifiers [World Olympiad] - Ladies Section"]
[Site "KCB Sports Club, Ruaraka; Nairobi"]
[Date "2022.01.14"]
[Round "3"]
[Board "11"]
[White "Kimani, Wanjiru"]
[Black "Mwashe, Yvonne Adego"]
[Result "1-0"]
[WhiteElo "1155"]
[BlackElo "1092"]
[PlyCount "87"]
[EventDate "2022.01.14"]
[EventRounds "6"]
[EventCountry "KEN"]

1. e4 c6 2. d4 d5 3. Nc3 dxe4 4. Nxe4 Bf5 5. Ng3 Bg6 6. Nf3 Nd7 7. Bd3 Bxd3 8.
Qxd3 e6 9. O-O Bd6 10. Ne4 Bc7 11. b3 Ngf6 12. Ba3 b5 13. Rfe1 Qb8 14. Rad1 b4
15. Bb2 O-O 16. Nxf6+ Nxf6 17. Ne5 Qb6 18. Qf3 Rac8 19. Kh1 Bb8 20. a4 a5 21.
h4 Rfd8 22. g4 Bxe5 23. Rxe5 Rc7 24. Rg5 Kf8 25. d5 Rxd5 26. Rdxd5 cxd5 27.
Bxf6 gxf6 28. Qxf6 Ke8 29. Rg8+ Kd7 30. Qxf7+ Kc6 31. Qxe6+ Kc5 32. Qe3+ Kc6
33. Rf8 Qxe3 34. fxe3 Kd6 35. Rf2 Rc3 36. Re2 Ke5 37. Kg2 Ke4 38. Kf2 Rc6 39.
g5 h6 40. gxh6 Rxh6 41. Rd2 Rf6+ 42. Ke2 Rf3 43. Rd4+ Kf5 44. Kxf3  1-0

[Event "2nd Phase Kenya Qualifiers [World Olympiad] - Ladies Section"]
[Site "KCB Sports Club, Ruaraka; Nairobi"]
[Date "2022.01.14"]
[Round "4"]
[Board "1"]
[White "Wanjiru, Lucy"]
[Black "Obondo, Cynthia Awino"]
[Result "1-0"]
[WhiteElo "1586"]
[BlackElo "1341"]
[PlyCount "64"]
[EventDate "2022.01.14"]
[EventRounds "6"]
[EventCountry "KEN"]

1. d4 d5 2. c4 c6 3. e3 Nf6 4. Nf3 Bf5 5. Nc3 e6 6. Be2 Be7 7. a3 a6 8. c5 Nbd7
9. b4 b6 10. cxb6 Nxb6 11. Nh4 Bg6 12. Nxg6 hxg6 13. Qc2 Qc7 14. h3 a5 15. bxa5
Rxa5 16. Bd2 Ra7 17. a4 O-O 18. O-O Nbd7 19. Rfc1 Rc8 20. a5 Ne8 21. Na4 c5 22.
dxc5 Bxc5 23. Bb5 Nef6 24. Qd1 Qd6 25. Bb4 Rac7 26. Nxc5 Nxc5 27. a6 Nfd7 28.
Ba5 Ra7 29. Qd4 e5 30. Qg4 f5 31. Qe2 Rb8 32. Bxd7 Nxd7  1-0

[Event "2nd Phase Kenya Qualifiers [World Olympiad] - Ladies Section"]
[Site "KCB Sports Club, Ruaraka; Nairobi"]
[Date "2022.01.14"]
[Round "4"]
[Board "2"]
[White "Madelta, Glenda"]
[Black "Kosgey, Sheila Jerop"]
[Result "1-0"]
[WhiteElo "1455"]
[BlackElo "1362"]
[PlyCount "33"]
[EventDate "2022.01.14"]
[EventRounds "6"]
[EventCountry "KEN"]

1. d4 g6 2. Nc3 Nf6 3. e4 d6 4. Bf4 Bg7 5. Qd2 Nbd7 6. O-O-O c5 7. dxc5 Nxc5 8.
e5 Nfe4 9. Nxe4 Nxe4 10. Qe3 d5 11. Bb5+ Bd7 12. Rxd5 O-O 13. Qxe4 Bxb5 14.
Rxd8 Rfxd8 15. Ne2 Bc6 16. Qe3 Bxg2 17. Rg1  1-0

[Event "2nd Phase Kenya Qualifiers [World Olympiad] - Ladies Section"]
[Site "KCB Sports Club, Ruaraka; Nairobi"]
[Date "2022.01.14"]
[Round "4"]
[Board "3"]
[White "Matei, Veronicah"]
[Black "Muthoni, Vivian"]
[Result "1-0"]
[WhiteElo "1287"]
[BlackElo "1360"]
[PlyCount "91"]
[EventDate "2022.01.14"]
[EventRounds "6"]
[EventCountry "KEN"]

1. e4 e5 2. Nc3 Nc6 3. Bc4 Bc5 4. a4 Nf6 5. h3 d6 6. Nf3 O-O 7. d3 h6 8. O-O
Be6 9. Nd5 a5 10. c3 Ba7 11. Kh1 Nb8 12. Nh2 Nbd7 13. f4 c6 14. Ne3 Bxe3 15.
Bxe3 Bxc4 16. dxc4 Nxe4 17. Qf3 f5 18. Rfd1 c5 19. Nf1 Rf6 20. Ng3 Nxg3+ 21.
Qxg3 e4 22. Rd2 Qe7 23. Rad1 Nf8 24. Bf2 Re8 25. Qe3 Qe6 26. b3 Nh7 27. Rxd6
Qc8 28. Qxc5 Qxc5 29. Bxc5 Rxd6 30. Rxd6 e3 31. Rd1 Nf6 32. Re1 e2 33. Bd4 Ne4
34. Kg1 Nd2 35. Kf2 Nxb3 36. Rxe2 Rxe2+ 37. Kxe2 Nxd4+ 38. cxd4 Kf7 39. Kd3 Ke7
40. d5 Kd6 41. Kd4 b6 42. g3 g6 43. g4 h5 44. gxf5 gxf5 45. h4 Kc7 46. Ke5  1-0

[Event "2nd Phase Kenya Qualifiers [World Olympiad] - Ladies Section"]
[Site "KCB Sports Club, Ruaraka; Nairobi"]
[Date "2022.01.14"]
[Round "4"]
[Board "5"]
[White "Elizabeth, Cassidy Maina"]
[Black "Nicole, Albright"]
[Result "0-1"]
[WhiteElo "1290"]
[BlackElo "1237"]
[PlyCount "160"]
[EventDate "2022.01.14"]
[EventRounds "6"]
[EventCountry "KEN"]

1. e4 e6 2. d4 d5 3. Nd2 c5 4. exd5 Qxd5 5. Bb5+ Bd7 6. Bxd7+ Nxd7 7. Qf3 Ngf6
8. c4 Qxf3 9. Ngxf3 cxd4 10. Nxd4 Bc5 11. Nb5 O-O 12. O-O a6 13. Nc3 Ne5 14.
Nce4 Nxe4 15. Nxe4 Bd4 16. Rd1 Rfd8 17. c5 Bxc5 18. Bf4 Bd4 19. Ng3 Nc6 20. Rd2
e5 21. Be3 Bxe3 22. Rxd8+ Rxd8 23. fxe3 Nb4 24. a3 Nc2 25. Rc1 Nxe3 26. Rc7 Rb8
27. Ne4 Nd5 28. Rd7 Nf6 29. Nxf6+ gxf6 30. Kf2 Kg7 31. g4 b5 32. Ra7 Rb6 33.
Ke3 Rd6 34. h3 Kg6 35. b4 h6 36. h4 Rc6 37. Ke4 Rd6 38. Ke3 f5 39. gxf5+ Kxf5
40. Rxf7+ Rf6 41. Rg7 Rg6 42. Rxg6 Kxg6 43. Ke4 Kf6 44. h5 Ke6 45. Ke3 Kd5 46.
Kd3 Kd6 47. Ke4 Ke6 48. Ke3 Kd5 49. Kd3 e4+ 50. Ke3 Ke5 51. Ke2 Kd4 52. Kd2 e3+
53. Ke2 Ke4 54. Ke1 Kd3 55. Kd1 e2+ 56. Ke1 Kc3 57. Kxe2 Kb3 58. Kf3 Kxa3 59.
Kf4 Kxb4 60. Kf5 a5 61. Kg6 a4 62. Kxh6 a3 63. Kg6 a2 64. h6 a1=Q 65. Kh7 Kc4
66. Kg8 b4 67. h7 b3 68. h8=Q Qxh8+ 69. Kxh8 b2 70. Kg7 b1=Q 71. Kf6 Qe4 72.
Kg5 Qf3 73. Kh4 Qg2 74. Kh5 Qg3 75. Kh6 Qg4 76. Kh7 Qg5 77. Kh8 Kd5 78. Kh7 Ke6
79. Kh8 Kf7 80. Kh7 Qg7#  0-1